Anubhuti II : Eco Friendly ArchitectureHarsil Valley (Record no. 16626)

MARC details
000 -LEADER
fixed length control field 00376nam a2200145Ia 4500
008 - FIXED-LENGTH DATA ELEMENTS--GENERAL INFORMATION
fixed length control field 220803s9999 xx 000 0 und d
020 ## - INTERNATIONAL STANDARD BOOK NUMBER
International Standard Book Number 9789380985107
041 ## - LANGUAGE CODE
Language code of text/sound track or separate title eng
082 ## - DEWEY DECIMAL CLASSIFICATION NUMBER
Classification number 307.72 JAT
100 ## - MAIN ENTRY--PERSONAL NAME
Personal name Jathar V Ed.
9 (RLIN) 25930
245 ## - TITLE STATEMENT
Title Anubhuti II : Eco Friendly ArchitectureHarsil Valley
260 ## - PUBLICATION, DISTRIBUTION, ETC. (IMPRINT)
Place of publication, distribution, etc. Nagpur
Name of publisher, distributor, etc. Swaprakashan
Date of publication, distribution, etc. 2014
300 ## - PHYSICAL DESCRIPTION
Extent 190p
500 ## - GENERAL NOTE
Keywords ARCHI
Holdings
Withdrawn status Lost status Damaged status Not for loan Collection code Home library Current library Date acquired Vendor Cost, normal purchase price Total Checkouts Full call number Barcode Date last seen Cost, replacement price Bill Date Koha item type Original Barcode
        Book of B Arch Dr. Bhanuben Nanavati College of Architecture Dr. Bhanuben Nanavati College of Architecture 03/11/2017 Manoramabai Mundle College Of Architecture 1000.00   720.96 JAT BNCA-BK-10379 03/08/2022 1000.00 27/10/2017 Books B10379
          Dr. Bhanuben Nanavati College of Architecture Dr. Bhanuben Nanavati College of Architecture 23/09/2015 Gokhale Vasudha 500.00   720.954VAL BNCA-DB-1274 03/08/2022   03/08/2022 Donated Book DB001274